Rennteams der Formel-1-Fahrer - Statistiken

Allgemein
  • Dieses Quiz wurde 471 mal gespielt
  • Das Durchschnittsergebnis liegt bei 17 aus 20
Antwortstatistiken
Fahrer Team % Korrekt
Max Verstappen Red Bull Racing
99%
Sergio Perez Red Bull Racing
99%
Carlos Sainz Ferrari
98%
Charles Leclerc Ferrari
98%
Lewis Hamilton Mercedes
98%
George Russell Mercedes
98%
Lando Norris McLaren
94%
Oscar Piastri McLaren
94%
Fernando Alonso Aston Martin
86%
Lance Stroll Aston Martin
86%
Nico Hulkenberg Haas F1 Team
84%
Kevin Magnussen Haas F1 Team
84%
Alexander Albon Williams
82%
Logan Sargeant Williams
82%
Pierre Gasly Alpine
78%
Esteban Ocon Alpine
78%
Yuki Tsunoda AlphaTauri
67%
Liam Lawson AlphaTauri
67%
Valtteri Bottas Alfa Romeo
64%
Zhou Guanyu Alfa Romeo
64%
Keine übereinstimmenden Quizze gefunden
Verteilung der Resultate
Anzahl Personen mit jedem Resultat
Perzentil nach korrekt beantworteten Fragen
Ihre Resultats-Entwicklung
Sie haben dieses Quiz noch nicht gespielt